MDQL
is popping MORE tags! Check the
thread
!
Quizzes
Events
Quiz Creation
Community
Videos
Private Events
Remove Ads
Sign In
Join for FREE
Feedback
Dark Mode
Quiz Categories
Sports
Geography
Music
Movies
Television
Just For Fun
Miscellaneous
History
Literature
Language
Science
Gaming
Entertainment
Religion
Holiday
For Kids
Quiz Lab
Recent
Popular Today
Quiz Kudos Today
Editor Picks
Curator Picks
Quizzes by...
Day
Popularity
Type
Ratings
Length
Year
Community
Subscriptions
Recent Discussions
Orange Saloon
Badges
Playlists
Quests
Create
Leaderboards
Showdown
Live 5
Trivia Bingo
Activity
Puzzle Library
Sporcle Events
Private Events
Virtual Trivia
Globe League
Become a Host
Pub Owners
SporcleCon
Opinionation
Our Games
Videos
Blog
Mobile Apps
Partnerships
Remove Ads and Go Orange
Feedback
Sports
Athletes
MLB
NBA
NHL
NFL
Soccer
Sports Teams
WWE
NCAA
Football
Premier League
Basketball
Baseball
Hockey
Golf
Tennis
Cricket
Rugby
Auto Racing
Olympics
World Cup
Sports
Athletes
MLB
NBA
NHL
NFL
Soccer
Sports Teams
WWE
NCAA
Football
Premier League
Basketball
Baseball
Hockey
Golf
Tennis
Cricket
Rugby
Auto Racing
Olympics
World Cup
Random Quiz
Search Sporcle
×
Quiz Lab
Quiz Lab
Sports
World Cup
Type in answers that appear in a list
Type in answers that appear in a list
Classic
Best Score? Go Orange.
FIFA World Cup Top Goal Scorers (A-Z) Stats
Can you name the top FIFA World Cup goal scorers (A-Z)?
By
BannerQuiz
7m
26 Questions
173 Plays
173 Plays
173 Plays
Comments
Comments
Give Quiz Kudos
Give Quiz Kudos
-
- Ratings
hide this ad
Replay
Link that replays current quiz
Next Quiz
Link to next quiz in quiz playlist
You Got
0%
They Got
Avg Score
59%
Avg Friend Score
Upgrade to see
Score Distribution
Jump to the score distribution portion of the page
Score
0/26
Timer
07:00
0
Plays Today
Letter
Player
% Correct
R
Ronaldo
92.4%
K
Miroslav Klose
88.3%
M
Gerd Muller
86%
Z
Zinedine Zidane & Zico & Gyula Zsengeller
84.2%
P
Pele
83%
E
Eusebio
80.7%
V
Christian Vieri & David Villa & Vava
80.7%
D
Landon Donovan
78.4%
O
Michael Owen
78.4%
B
Gabriel Batistuta
77.8%
G
Asamoah Gyan
76.6%
L
Gary Lineker & Grzegorz Lato
76.6%
H
Thierry Henry & Josef Hugi & Helmut Haller
74.9%
Letter
Player
% Correct
F
Just Fontaine
69.6%
J
Jairzinho
63.2%
X
Granit Xhaka
63.2%
W
Marc Wilmots
50.3%
C
Teogilo Cubillas
40.9%
S
Uwe Seeler
38.6%
U
Kalu Uche
38%
A
Ademir
32.7%
I
Valentin Ivanov
31%
N
Oldrich Nejedly
21.1%
Q
Fernando Quirarte
10.5%
Y
Hector Yazalde
10.5%
T
Lajos Tichy
9.4%
Quiz Playlist
Details
Report
Send in Message
Add To Playlist
Classic:
Type in answers that appear in a list
Last Updated: Feb 16, 2017
Quiz Scoreboard
CHALLENGE
Sign Up to Join the Scoreboard
Show All
Scores
Hide
Comments
May contain spoilers
Recently Published
Find the 'City' Movie
by crazypaving
Movies
60s
5x2 Blitz: Bands
by SL_Kpop136
Music
30s
Colored Red Africa Blitz
by spor1
Geography
30s
More to Explore
Quiz From the Vault
Featured Blog Post
14 Easter Pick-up Lines to Find Eggs With
hide this ad
You Might Also Like...
Tags
Football Quiz
Soccer Quiz
World Cup Quiz
Goal Scorers
International
Today's Top Quizzes in Sports
Browse Sports
hide this ad
Today's Top Quizzes in World Cup
Browse World Cup
Top Contributed Quizzes in Sports
1
Les entraîneurs de l'OM et du PSG au 21e siècle
2
Les meilleurs buteurs des matchs entre le PSG et l’OM
3
Les joueurs passés par le PSG et l'OM
4
Players with Multiple 50 Home Run Seasons
5
2022 World Cup Stars
6
Criteria MLB: Left Handed Sluggers
7
NBA Logic Puzzle 2.0
8
MLB Players with Two .350 Batting Average Seasons
9
Top 10 NHL Goal Scorers of All Time
10
Les joueurs passés par le LOSC et le RC Lens
Explore More
Trending Topics
Anime
NBA
Kpop
Harry Potter
Marvel
Crossword
Disney
Soccer
Pokémon
WWE
NFL
Song
Puzzle
The Office
Country
hide this ad
More By:
BannerQuiz
Quiz
Plays
Rating
Category
Featured
Created
Hurling/Gaelic Football Positions
477
4.50
Sports
Mar 1, 2015
Lyrics to Bloc Party - 'Banquet'
322
5.00
Music
Feb 15, 2015
Towns/Cities in the Republic of Ireland per letter
227
3.00
Geography
May 15, 2016
FIFA World Cup Top Goal Scorers (A-Z)
173
5.00
Sports
Aug 30, 2015
Go to Creator's Profile
Score Distribution
Quiz Creator Spotlight
BannerQuiz
Follow
Send a Message
Quizzes Created
-
Created Quiz Play Count
-
More By This Creator
Popular Quizzes Today
1
Colored Red Africa Blitz
2
Find the 'City' Movie
3
Find the US States - No Outlines Minefield
4
5x2 Blitz: Bands
5
The Countries of the World
6
Find the US States
7
Find the Countries of Europe - No Outlines Minefield
8
US States
More Sports Quizzes
NHL All-Star Crossword
Editor's Pick
Trending Quizzes
Colored Red Europe Blitz I
Colored Red Africa Blitz II
Colored Red Europe Blitz II
Colored Red Europe Blitz III
Colored Red Africa Blitz III
Recently Updated
How Do You Spell That?
pecheneg
Godzilla Movies
pecheneg
Grab Bag: 4-10 Letters
pecheneg
2024 March Madness Bracket
pecheneg
Famous TV Couples
Peacemaker
Champions League XIs: Real Madrid
pecheneg
Largest US Cities 1790-2010
pecheneg
Rides in Walt Disney World
pecheneg
Most Oscar Losses (Acting)
pecheneg
Beyoncé Albums
pecheneg
Trending Topics
Disney
Crossword
Harry Potter
Marvel
Anime
Kpop
NBA
WWE
Soccer
Puzzle
Country
Song
NFL
The Office
Pokémon
Your Account Isn't Verified!
In order to create a playlist on Sporcle, you need to verify the email address you used during registration. Go to your
Sporcle Settings
to finish the process.
Report this User
Report this user for behavior that violates our
Community Guidelines
.
Details:
Send Report
Go to the Sporcle.com Mobile Site →
Comments